000 00776cab a2200241 4500
001 ABS46674
008 090401t1992 xxu||||| |||| 00| 0 eng d
035 _a(Sirsi) u59121
041 _aeng
100 _aHanson, M.
245 _aMerseyside gets a new move on
260 _c1992
350 _a0
490 _aEstates Gazette
_v(9220) 23 May 1992, 80-81(2)
520 _aLooks back over Liverpool UDC`s record of the past ten years, concentrating on residential achievements. It pinpoints individual schemes, giving figures of floor space, prices and rent.
650 _aALBERT DOCK
650 _aDOCKLAND REDEVELOPMENT
650 _aMERSEYSIDE DEVELOPMENT CORPORATION
650 _aMERSEYSIDE
690 _aURBAN RENEWAL
942 _n0
948 _c04/03/1997
999 _c36224
_d36224